| 000 | 00694nam a2200205 a 4500 | ||
|---|---|---|---|
| 001 | 000023210 | ||
| 005 | 20200930022048.0 | ||
| 008 | 101130s1973 ve r 000 | spa d | ||
| 040 |
_aDO-SdBNP _bspa _cBNPHU |
||
| 082 |
_a928.987 _bM294d |
||
| 245 | 0 | 0 |
_aManuel Díaz Rodríguez entre contemporaneos / _ccompilación y prólogo de Fernando Paz Castillo. |
| 260 |
_aCaracas : _bMonte Avila , _c1973. |
||
| 300 | _av. ; 16 cm. | ||
| 490 | 1 |
_aEldorado; _v78 |
|
| 500 | _aIncluye lista de la colección Científica | ||
| 650 | 4 |
_aAutores venezolanos _ySIGLO XX _xBiografías _96689 |
|
| 700 | 1 |
_aPaz Castillo, Fernando _920683 |
|
| 830 | 0 |
_aBiblioteca popular Eldorado; _v78 _916894 |
|
| 049 | _aBNGR | ||
| 999 |
_c22707 _d22707 |
||